Bayern Munich players (2010-2020) - Statistics

General Stats
  • This quiz has been taken 67 times
  • The average score is 54 of 89
Answer Stats
Rank Player Positions Nationality Matches Goals (assists) Period % Correct
9 Arjen Robben RW 177 83 (55) 2010-2019
100%
3 David Alaba CB 246 20 (25) 2010-2020
100%
4 Franck Ribéry LW 201 62 (95) 2010-2019
100%
2 Manuel Neuer GK 249 0 (0) 2011-2020
100%
7 Robert Lewandowski ST 190 162 (34) 2014-2020
100%
5 Jérôme Boateng CB 200 4 (14) 2011-2020
98%
6 Philipp Lahm RB 194 8 (26) 2010-2017
98%
1 Thomas Müller CF 313 105 (135) 2010-2020
98%
39 Alphonso Davies LB 35 4 (4) 2018-2020
96%
19 Arturo Vidal CM 79 14 (11) 2015-2018
96%
33 Douglas Costa RW 50 8 (20) 2015-2017
96%
11 Javi Martínez CB 146 9 (6) 2012-2020
96%
29 Leon Goretzka CM 54 14 (14) 2018-2020
96%
22 Mats Hummels CB 74 3 (5) 2016-2019
96%
10 Thiago Alcántara CM 150 17 (21) 2013-2020
96%
35 James Rodríguez AM 43 14 (15) 2017-2019
95%
15 Kingsley Coman LW 108 19 (20) 2015-2020
95%
18 Mario Gómez ST 86 65 (10) 2010-2013
95%
30 Mario Mandžukić ST 54 33 (9) 2012-2014
95%
12 Joshua Kimmich DM 146 13 (38) 2015-2020
93%
24 Niklas Süle CB 66 4 (2) 2017-2020
93%
13 Bastian Schweinsteiger CM 125 23 (24) 2010-2015
91%
32 Claudio Pizarro ST 50 16 (11) 2012-2015
91%
34 Sven Ulreich GK 45 0 (0) 2015-2020
91%
23 Mario Götze AM 73 22 (17) 2013-2016
89%
8 Rafinha RB 179 5 (21) 2011-2019
89%
27 Serge Gnabry LW 61 22 (17) 2018-2020
89%
31 Xherdan Shaqiri AM 52 11 (10) 2012-2015
89%
36 Corentin Tolisso CM 41 8 (6) 2017-2020
88%
47 Philippe Coutinho AM 23 8 (6) 2019-2020
88%
20 Xabi Alonso DM 79 5 (7) 2014-2017
88%
16 Dante CB 86 3 (3) 2012-2016
86%
21 Juan Bernat LB 76 3 (6) 2014-2018
86%
14 Toni Kroos CM 111 13 (27) 2010-2014
86%
48 Ivan Perišić LW 22 4 (6) 2019-2020
84%
44 Ivica Olic ST 26 2 (3) 2010-2012
84%
41 Renato Sanches CM 35 1 (1) 2016-2017, 2018-2020
84%
43 Medhi Benatia CB 29 2 (2) 2014-2016
82%
28 Daniel Van Buyten CB 59 7 (3) 2010-2014
80%
51 Lucas Hernández LB 19 0 (1) 2019-2020
79%
42 Benjamin Pavard CB 32 4 (5) 2019-2020
75%
65 Martín Demichelis CB 6 1 (0) 2010-2011
75%
17 Holger Badstuber CB 86 0 (3) 2010-2013, 2014-2017
71%
26 Luiz Gustavo DM 64 6 (3) 2010-2013
71%
50 Miroslav Klose ST 20 1 (1) 2010-2011
71%
57 Mark van Bommel CM 13 0 (2) 2010-2011
68%
52 Pierre-Emile Højbjerg DM 17 0 (1) 2012-2015
68%
46 Hans Jörg Butt GK 24 0 (0) 2010-2012
66%
55 Hamit Altıntop RM 14 2 (4) 2010-2011
64%
25 Anatoliy Tymoshchuk DM 65 4 (2) 2010-2013
57%
49 Sandro Wagner ST 21 8 (2) 2017-2019
55%
45 Sebastian Rudy DM 25 1 (4) 2017-2018
55%
40 Danijel Pranjic LB 35 0 (6) 2010-2012
54%
69 Pepe Reina GK 3 0 (0) 2014-2015
54%
37 Diego Contento LB 40 0 (1) 2010-2014
50%
59 Tom Starke GK 10 0 (0) 2012-2014, 2016-2018
48%
80 Jamal Musiala AM 1 0 (0) 2019-2020
46%
60 Joshua Zirkzee ST 9 4 (1) 2019-2020
43%
38 Sebastian Rode CM 38 3 (6) 2014-2016
43%
66 Emre Can DM 4 1 (0) 2012-2013
39%
79 Chris Richards CB 1 0 (0) 2019-2020
38%
56 Breno CB 13 0 (0) 2010-2011
32%
67 Álvaro Odriozola RB 3 0 (0) 2019-2020
30%
61 Michaël Cuisance CM 9 1 (1) 2019-2020
30%
78 Sarpreet Singh AM 2 0 (0) 2019-2020
30%
71 Takashi Usami CF 3 0 (0) 2011-2012
27%
53 Mitchell Weiser RB 16 1 (4) 2013-2015
25%
68 Edson Braafheid LB 3 0 (0) 2010-2011
23%
63 Gianluca Gaudino DM 8 0 (0) 2014-2015
23%
62 Nils Petersen ST 9 2 (0) 2011-2012
21%
70 Serdar Taşçı CB 3 0 (0) 2015-2016
21%
58 Thomas Kraft GK 12 0 (1) 2010-2011
21%
64 Jan Kirchhoff DM 7 0 (0) 2013-2014
20%
73 Kwasi Wriedt ST 2 0 (0) 2017-2018, 2019-2020
20%
75 Lukas Mai CB 2 0 (0) 2017-2018
20%
82 Marco Friedl CB 1 0 (0) 2017-2018
16%
88 Woo-yeong Jeong AM 1 0 (0) 2018-2019
16%
76 Lukas Raeder GK 2 0 (1) 2013-2014
13%
84 Niklas Dorsch DM 1 1 (0) 2017-2018
13%
54 Andreas Ottl DM 15 0 (1) 2010-2011
11%
72 Franck Evina LW 2 0 (0) 2017-2018
11%
83 Milos Pantovic AM 1 0 (0) 2015-2016
11%
85 Oliver Batista Meier AM 1 0 (0) 2019-2020
11%
87 Sinan Kurt LW 1 0 (0) 2014-2015
9%
77 Meritan Shabani AM 2 0 (0) 2017-2019
7%
89 Ylli Sallahi LB 1 0 (0) 2013-2014
7%
74 Leon Dajaku CF 2 0 (0) 2019-2020
5%
81 Lukas Görtler RM 1 0 (0) 2014-2015
5%
86 Rico Strieder DM 1 0 (0) 2014-2015
5%
No matching quizzes found
Score Distribution
Percent of People with Each Score
Percentile by Number Answered
Your Score History
You have not taken this quiz